Дело по отношению Смоленского, Витебского и Могилевского генерал-губернатора, о прибавке жалованья протоколистам дворянских опек...

Доступно только в Электронных читальных залах Найти на картеНа карте
RUSMARC
00003618nmc2a2200000 x 450
00198819ad4-94a4-4340-9f54-55d865bcc4e9
00520160628141453.0
100##$a20151110l18381840k l0rusy0189 ca
1010#$arus
102##$aRU
2001#$aДело по отношению Смоленского, Витебского и Могилевского генерал-губернатора, о прибавке жалованья протоколистам дворянских опек Могилевской губернии
$j15 марта 1838 г. - 19 февраля 1840 г.
251##$cДело
300##$aДело
801#0$aRU
$bРГИА
$c20151110
$gRCR
801#1$aRU
$bГлавНИВЦ
$c20151110
$2rusmarc
801#2$aRU
$bПБ им. Б.Н. Ельцина
$c20160628
$gRCR
$2rusmarc
850##$aРГИА
852##$aРГИА
$eФедеральное казенное учреждение "Российский государственный исторический архив" (РГИА)
$j303
937##$hРГИА
$d12180105
$aASBIBLIO_SCAN
461#0$10013e300ed0-cd39-49af-8489-5ba5b90fa401
$12001
$aДепартамент полиции исполнительной МВД
$1251
$cФонд
$1852
$j1286
215##$a15 л.
$d36,5х26 см
371##$aДокумент не является опубликованным и широко распространяемым
105##$ay###
1222#$ad
462#0$1001838cd2c2-41d6-4468-a662-5bbcde766a32
$12001
$a1838-1840 гг. Дела Департамента полиции исполнительной МВД за 1838 г.
$1251
$cОпись
$1852
$j7
$l1838 г.
035##$a98819ad4-94a4-4340-9f54-55d865bcc4e9
Формат отображения